000 00470nam a22001817a 4500
005 20230505094108.0
008 230503b ||||| |||| 00| 0 eng d
040 _cAL
041 _aEnglish
082 _223
_a531/9
_bRAYG
100 _aD P Ray Chaudhuri and others
_998440
245 _aGeneral physics
260 _aCalcutta
_bChayan
_c1962
650 _aPhysics
_996487
700 _aRAY CHAUDHURI (D P)
_996488
700 _aMITRA (P K)
_996489
942 _2ddc
_cBB
999 _c227291
_d227291